Top US MSAs Exporting Cities - Statistics

General Stats
  • This quiz has been taken 375 times
  • The average score is 16 of 20
Answer Stats
Amount ($B) Answer % Correct
76.3 Los Angeles
99%
106.9 New York
99%
115.0 Houston
97%
41.8 Miami
97%
56.7 Seattle
95%
22.2 Boston
94%
44.9 Chicago
94%
25.3 San Francisco
94%
27.6 Dallas
92%
17.9 San Diego
89%
53.9 Detroit
87%
24.9 Philadelphia
85%
18.8 Atlanta
83%
17.6 Portland
83%
30.0 New Orleans
76%
23.7 Minneapolis
73%
19.3 San Antonio
70%
23.4 San Jose
57%
21.0 Cincinnati
35%
19.3 San Juan
9%
No matching quizzes found
Score Distribution
Percent of People with Each Score
Percentile by Number Answered
Your Score History
You have not taken this quiz